[Event "European Club Cup 2002"]
[Site "Halkidiki"]
[Date "2002.09.28"]
[Round "7.99"]
[White "Stassen, Walter"]
[Black "Rama, Lorenc"]
[Result "0-1"]
[WhiteElo "2000"]
[BlackElo "2348"]
[PlyCount "63"]
[EventDate "2002.09.22"]

1. e4 c5 2. d3 Nc6 3. g3 g6 4. Bg2 Bg7 5. Ne2 d6 6. O-O h5 7. c3 h4 8. Be3 hxg3
9. hxg3 Nf6 10. f3 Bh3 11. Bxh3 Rxh3 12. Kg2 Qd7 13. Ng1 Rh7 14. Rf2 Kf8 15.
Nd2 Bh6 16. Nf1 Kg7 17. Bxh6+ Rxh6 18. d4 b6 19. Rd2 Rah8 20. e5 Nd5 21. dxc5
Rh2+ 22. Nxh2 Ne3+ 23. Kh1 Nxd1 24. Raxd1 Nxe5 25. cxd6 Nc4 26. Re2 Nxd6 27.
Kg2 Qc7 28. Red2 Qc5 29. Nf1 Qh5 30. g4 Qh1+ 31. Kf2 Nc4 32. Re2 0-1

[Event "European Club Cup 2002"]
[Site "Halkidiki"]
[Date "2002.09.28"]
[Round "7.99"]
[White "Ahern, John"]
[Black "Karkanaqe, Ilir"]
[Result "0-1"]
[WhiteElo "2000"]
[BlackElo "2375"]
[PlyCount "56"]
[EventDate "2002.09.22"]

1. d4 Nf6 2. c4 e6 3. Nc3 Bb4 4. e3 c5 5. a3 Bxc3+ 6. bxc3 Nc6 7. Bd3 d6 8. f4
e5 9. Ne2 b6 10. O-O e4 11. Bb1 O-O 12. Ng3 Re8 13. f5 Na5 14. Rf4 Bb7 15. Ba2
Ba6 16. Qc2 Qe7 17. Bb1 Bxc4 18. Nxe4 Nb3 19. Nxf6+ Qxf6 20. dxc5 Nxa1 21. Qb2
d5 22. Qxa1 bxc5 23. e4 dxe4 24. Bxe4 Rad8 25. Be3 Bd3 26. Bxd3 Rxe3 27. Bc4
Qxc3 28. Qxc3 Rxc3 0-1

[Event "European Club Cup 2002"]
[Site "Halkidiki"]
[Date "2002.09.28"]
[Round "7.99"]
[White "Cela, Shkelqim"]
[Black "Smith, Derek"]
[Result "1-0"]
[WhiteElo "2000"]
[BlackElo "2000"]
[PlyCount "55"]
[EventDate "2002.09.22"]

1. e4 Nf6 2. e5 Nd5 3. d4 d6 4. c4 Nb6 5. f4 dxe5 6. fxe5 Nc6 7. Be3 Bf5 8. Nf3
e6 9. Nc3 Qd7 10. a3 Bg4 11. c5 Nd5 12. Bf2 Rd8 13. Bc4 Nde7 14. O-O Bxf3 15.
Qxf3 Nxd4 16. Bxd4 Qxd4+ 17. Kh1 Nf5 18. Qxb7 Bxc5 19. Bb5+ Kf8 20. Rad1 Qxe5
21. Rxd8+ Ke7 22. Rd7+ Kf6 23. Qf3 h5 24. Ne4+ Kg6 25. Bd3 Bd6 26. Nxd6 cxd6
27. Bxf5+ exf5 28. Qg3+ 1-0

[Event "European Club Cup 2002"]
[Site "Halkidiki"]
[Date "2002.09.28"]
[Round "7.99"]
[White "Whelan, Niall"]
[Black "Adhami, Vangjel"]
[Result "0-1"]
[WhiteElo "2000"]
[BlackElo "2282"]
[PlyCount "54"]
[EventDate "2002.09.22"]

1. c4 c6 2. d4 d5 3. Nc3 Nf6 4. Bg5 e6 5. Nf3 Be7 6. e3 Nbd7 7. c5 b6 8. b4
bxc5 9. bxc5 Qa5 10. Qc2 h6 11. Bxf6 Bxf6 12. Nd2 e5 13. Nb3 Qc7 14. Be2 O-O
15. O-O Re8 16. Bg4 Nxc5 17. Nxd5 cxd5 18. Bxc8 Rexc8 19. dxc5 a5 20. Rac1 a4
21. Nd2 Ra5 22. c6 Ra6 23. Rb1 Qxc6 24. Qxc6 Raxc6 25. Rfd1 Rc2 26. a3 Ra2 27.
Rb5 Rxd2 0-1

[Event "European Club Cup 2002"]
[Site "Halkidiki"]
[Date "2002.09.28"]
[Round "7.99"]
[White "Fletcher, J."]
[Black "Lauterbach, Ingrid"]
[Result "1-0"]
[WhiteElo "2000"]
[BlackElo "2142"]
[PlyCount "95"]
[EventDate "2002.09.22"]

1. d4 d6 2. e4 Nf6 3. Nc3 g6 4. Be2 Bg7 5. g4 c5 6. g5 Nfd7 7. d5 Qa5 8. Bd2 h6
9. gxh6 Bxh6 10. Bxh6 Rxh6 11. Qd2 Rh8 12. f4 Na6 13. Nf3 Nf6 14. e5 Nh5 15.
Bb5+ Bd7 16. Bxd7+ Kxd7 17. Ng5 f6 18. Ne6 Nc7 19. O-O-O b5 20. Qe2 b4 21. exd6
exd6 22. Nxc7 bxc3 23. Nxa8 Re8 24. Qg4+ f5 25. Qxg6 Qb4 26. Qxf5+ Kd8 27. bxc3
Qxc3 28. Qd3 Qa1+ 29. Kd2 Qf6 30. Rhf1 Nxf4 31. Rde1 Rg8 32. Rxf4 Qxf4+ 33. Qe3
Qxh2+ 34. Kc1 Qh4 35. Qe4 Qxe4 36. Rxe4 Kd7 37. Rh4 Rxa8 38. Rh7+ Kc8 39. c3 a5
40. Rh8+ Kb7 41. Rxa8 Kxa8 42. Kd2 Kb7 43. Ke3 a4 44. a3 Kc7 45. Ke4 Kd7 46.
Kf5 Ke7 47. Kg6 c4 48. Kg7 1-0

[Event "European Club Cup 2002"]
[Site "Halkidiki"]
[Date "2002.09.28"]
[Round "7.99"]
[White "Steedman, James"]
[Black "Gaspar, Lucien"]
[Result "0-1"]
[WhiteElo "2000"]
[BlackElo "2142"]
[PlyCount "74"]
[EventDate "2002.09.22"]

1. d4 Nf6 2. c4 c5 3. d5 b5 4. f3 d6 5. e4 bxc4 6. Bxc4 g6 7. Ne2 Bg7 8. O-O
O-O 9. Nec3 Nbd7 10. a4 Rb8 11. Na3 Rb4 12. Qc2 Ne5 13. b3 e6 14. Bd2 Rb8 15.
Rad1 Nxc4 16. Nxc4 exd5 17. exd5 Bf5 18. Qa2 Bd3 19. Rfe1 Bxc4 20. bxc4 Nd7 21.
Nb5 Qh4 22. Re4 Qh5 23. Rb1 Ne5 24. Qc2 f5 25. Ree1 Rbe8 26. Rb3 Qh4 27. Rc1
Nf7 28. f4 Re2 29. Rf1 Rb8 30. Rh3 Qe7 31. Nc3 Bd4+ 32. Kh1 Bxc3 33. Qxc3 Qe4
34. Rhf3 Rb4 35. Qc1 Rxc4 36. Qb2 Rb4 37. Qc1 Rc4 0-1

[Event "European Club Cup 2002"]
[Site "Halkidiki"]
[Date "2002.09.28"]
[Round "7.99"]
[White "Simon, Bernard"]
[Black "Haugen, Arild"]
[Result "1/2-1/2"]
[WhiteElo "2000"]
[BlackElo "2000"]
[PlyCount "61"]
[EventDate "2002.09.22"]

1. Nc3 d5 2. d4 e6 3. Nf3 c5 4. dxc5 Bxc5 5. e3 Nf6 6. Bd3 O-O 7. O-O Nc6 8.
Na4 Bd6 9. c4 dxc4 10. Bxc4 a6 11. Bd3 b5 12. Nc3 Bb7 13. b3 Ne5 14. Be2 Nxf3+
15. Bxf3 Bxf3 16. Qxf3 Bxh2+ 17. Kxh2 Qc7+ 18. Kg1 Qxc3 19. Rb1 Qc2 20. Bb2 Qe4
21. Qg3 Nh5 22. Qd6 Rfd8 23. Qc5 Nf6 24. Bd4 Rac8 25. Qa3 Qb7 26. Qb2 Qe7 27.
Rfc1 Ne8 28. Bb6 Rxc1+ 29. Rxc1 Rb8 30. Rc6 Nf6 31. Qc2 1/2-1/2